Music Quiz

Random Music Quiz

Every artist with a UK top 40 single in the 80s - U & V Quiz Stats

 Plays Quiz not verified by Sporcle

Support Sporcle.
Go Orange.
Score 0/23 Timer 04:00
0 Plays Today
Biggest Hit Artist % Correct
Red Red WineUB40
100%
JumpVan Halen
96.8%
Turning JapaneseThe Vapors
94.4%
DesireU2
92.7%
We Are The WorldUSA For Africa
91.9%
Chariots Of FireVangelis
91.1%
ViennaUltravox
89.5%
Fade To GreyVisage
80.6%
If I WasMidge Ure
73.4%
They Don't KnowTracey Ullman
71.8%
My Perfect CousinThe Undertones
65.3%
Marlene On The WallSuzanne Vega
61.3%
Biggest Hit Artist % Correct
Can't Stop The MusicThe Village People
54.8%
Never Too MuchLuther Vandross
47.6%
Don't Call Me BabyVoice Of The Beehive
46.8%
Body RockMaria Vidal
46%
Magic SmileRosie Vela
27.4%
Cryin'Vixen
27.4%
WarheadUK Subs
24.2%
Young BloodUFO
21%
Free YourselfThe Untouchables
19.4%
What You Got Is What I NeedUnique
15.3%
Dancin The Night AwayVoggue
13.7%

You're not logged in!

Compare scores with friends on all Sporcle quizzes.
OR
Log In

From the Vault

European Countries with a 'K'

by PrincessMartell

Sorry Europe, you still can't lay claim to Kyrgyzstan, king of all 'K' countries.
Remove Ads.
Support Sporcle.
Get the best of Sporcle when you Go Orange. This ad-free experience offers more features, more stats, and more fun while also helping to support Sporcle. Thank you for becoming a member.

Show Comments

Extras

Top Quizzes Today


Score Distribution

Your Account Isn't Verified!

In order to create a playlist on Sporcle, you need to verify the email address you used during registration. Go to your Sporcle Settings to finish the process.

Report this User

Report this user for behavior that violates our Community Guidelines.

Details: